Twilight Saga Convens Quiz Stats

 Plays Quiz not verified by Sporcle

Score 0/10 Timer 01:00
0 Plays Today
% Correct
Amazonian
100%
Egyptian
100%
Denali
100%
Olympic
100%
Volturi
100%
Irish
99.6%
European
99.1%
Romania
99.1%
American
98.3%
Normad
98.3%

You're not logged in!

Compare scores with friends on all Sporcle quizzes.
OR
Log In

You Might Also Like...

Show Comments

Extras

Created Nov 19, 2012ReportNominate
Tags:Actor Quiz, Cast Quiz, character

Top Quizzes Today


Score Distribution

Your Account Isn't Verified!

In order to create a playlist on Sporcle, you need to verify the email address you used during registration. Go to your Sporcle Settings to finish the process.

Report this User

Report this user for behavior that violates our Community Guidelines.

Details: